Geometrie
Saved in:
| Main Authors: | , |
|---|---|
| Format: | Book |
| Language: | French |
| Published: |
[Paris] :
Fernand Nathan,
1962
|
| Subjects: | |
| Tags: |
Add Tag
No Tags, Be the first to tag this record!
|
MARC
| LEADER | 00000cam a2200000 a 4500 | ||
|---|---|---|---|
| 001 | 1/108068 | ||
| 008 | 150821s1962####fr | ||| |||| ||fre|| | ||
| 040 | |a GR-MyUa |b gre |c GR-MyUa |e AACR2 | ||
| 041 | 0 | |a fre | |
| 082 | 7 | |a 516 |2 (23) | |
| 100 | 1 | |a Lebosse, Camille. | |
| 245 | 1 | 0 | |a Geometrie / |c C. Lebosse, C. Hemery. |
| 260 | |a [Paris] : |b Fernand Nathan, |c 1962 | ||
| 300 | |a 446 σ. : |b σχέδια ; |c 24 εκ. | ||
| 500 | |a Classe de mathematiques. Programme 1962. | ||
| 650 | 0 | |a Geometry. | |
| 700 | 1 | |a Hemery, Corentin, |e aut | |
| 852 | |a INST |b SAMOS |c MAG |e 20150821 |h 516 LEB |p 005300035377 |q 005300035377 |t BK |y 0 | ||
| 970 | |a Σιτζίμη |b Γιασεμή |z 21/08/2015 | ||